000 00592nam a22001577a 4500
003 NUST
038 _aNusrat Nadeem
082 _a200
100 _aAfsar, Muhammad Munir
_9131707
245 _aIntegrated Use of Remote Sensing and Deep Learning for Mango Crop Health Monitoring and Yield Estimation/
_cMuhammad Munir Afsar,
264 _aIslamabad:
_bIGIS(SCEE) NUST
_c2025.
650 _aPhD-Geographical Information System and Remote Sensing
_9123885
700 _aSupervisor: Dr. Ejaz Hussain
_9130183
856 _uhttp://10.250.8.41:8080/xmlui/handle/123456789/53806
942 _2ddc
_cSC
999 _c615308
_d615308